000 00830cam a22002411 4500
001 e 29000003
003 DLC
005 20260227111218.0
008 800130s1928 dcu 000 0 eng c
010 _ae 29000003
035 _a(OCoLC)5924742
040 _aU.S. Off. of educ. Library
_cMChB
_dDLC
043 _an-us---
050 0 0 _aL111
_b.A6
051 _aLB1607
_b.J53
100 1 _aJessen, Carl Arthur,
_d1887-
245 1 0 _aRequirements for high-school graduation,
_cby Carl A. Jessen, specialist in secondary education, Bureau of education.
260 _aWashington,
_bU.S. Govt. print. off.,
_c1928.
300 _av, 24 p.
_c23 cm.
490 0 _a[U.S.] Bureau of education. Bulletin, 1928,
_vno. 21
500 _aAt head of title: Department of the interior ...
650 0 _aHigh schools
_xGraduation requirements.
999 _c20943
_d20943